| 000 | 00841nam a22002537a 4500 | ||
|---|---|---|---|
| 003 | OSt | ||
| 005 | 20260406160237.0 | ||
| 008 | 260406b |||||||| |||| 00| 0 eng d | ||
| 020 | _a9780716626343 | ||
| 040 | _cHS LRC | ||
| 050 |
_aBL 790 _b.L581gr 2016 |
||
| 100 |
_aLeonard, Scott A. _9131548 |
||
| 245 |
_aMyths and legends of ancient Greece / _cScott A. Leonard |
||
| 260 |
_aChicago, Illinois : _bWorld Book, _cc2016. |
||
| 265 | _aPES | ||
| 300 |
_a64 pages : _bcolor illustrations ; _c26 cm. |
||
| 365 | _b1,667.00 | ||
| 440 |
_aFamous Myths and Legends of the World _924871 |
||
| 504 | _aIncludes glossary, references and index. | ||
| 650 |
_aMythology, Greek _xJuvenile literature _9131119 |
||
| 650 |
_aGods, Greek _xJuvenile literature _9131585 |
||
| 650 |
_aGreece _xFolklore _yJuvenile literature _9131586 |
||
| 942 |
_2lcc _cBK |
||
| 999 |
_c94063 _d94063 |
||